Statistics for Municipalities of Antwerp on a Map

Click here to take the quiz!

General Stats

  • This quiz has been taken 186 times
  • The average score is 40 of 69

Answers on the Map

Answers color-coded by a green-red scale on the quiz's map according to % correct below.
 

Answer Stats

Municipality% Correct
Antwerp
99%
Mechelen
87%
Baarle-Hertog
81%
Geel
81%
Mol
80%
Turnhout
78%
Lier
76%
Brasschaat
73%
Boom
69%
Essen
67%
Herentals
67%
Kontich
66%
Schoten
66%
Hoogstraten
65%
Kalmthout
64%
Mortsel
64%
Wijnegem
64%
Zwijndrecht
64%
Kapellen
63%
Duffel
61%
Edegem
61%
Heist-op-den-Berg
61%
Aartselaar
60%
Brecht
60%
Puurs-Sint-Amands
60%
Westerlo
60%
Bornem
58%
Wuustwezel
58%
Borsbeek
57%
Malle
57%
Oud-Turnhout
57%
Wommelgem
57%
Boechout
56%
Balen
55%
Lint
55%
Ranst
55%
Sint-Katelijne-Waver
55%
Stabroek
55%
Arendonk
54%
Olen
54%
Retie
54%
Schelle
54%
Willebroek
54%
Meerhout
53%
Zoersel
53%
Hove
52%
Niel
52%
Dessel
51%
Hemiksem
51%
Kasterlee
51%
Rumst
51%
Schilde
51%
Lille
49%
Putte
49%
Ravels
49%
Bonheiden
48%
Laakdal
48%
Nijlen
48%
Grobbendonk
47%
Vorselaar
47%
Vosselaar
47%
Rijkevorsel
46%
Beerse
45%
Herenthout
45%
Merksplas
45%
Zandhoven
43%
Berlaar
42%
Hulshout
40%
Herselt
36%

Score Distribution

Percentile by Number Answered

Percent of People with Each Score

Your Score History

You have not taken this quiz